| 000 | 00335nam a2200133 i 4500 | ||
|---|---|---|---|
| 001 | bg | ||
| 100 | 1 | _aROSSERT, Robert | |
| 245 | 0 |
_aGrundlagen der Wasserwirtschaft und Gewasserkunde / _cvon Robert Rossert. |
|
| 260 |
_aMunchen, _c1969. |
||
| 040 | _cBPK | ||
| 041 | _apol | ||
| 942 | _cKS | ||
| 008 | s pl f |000 0 pol | ||
| 999 |
_c15665 _d15665 |
||
| 856 |
_uhttp://koha.tu.koszalin.pl/cgi-bin/koha/opac-detail.pl?biblionumber=15665 _yKatalog online BPK |
||